| 000 | 00842pam a2200241 a 4500 | ||
|---|---|---|---|
| 001 | 2493 | ||
| 005 | 20231212152140.0 | ||
| 040 |
_aDLC _cDLC _dDLC _beng |
||
| 050 | 0 | 0 |
_aPZ7.C5792 _bRaf 1982 |
| 082 | 0 | 0 |
_a813.54 _219 |
| 100 | 1 | _aCleary, Beverly | |
| 245 | 1 | 0 |
_aRalph S. Mouse / _cBeverly Cleary ; illustrated by Paul O. Zelinsky |
| 260 |
_aNew York : _bW. Morrow, _c1982 |
||
| 300 |
_a122 pages : _billustrations ; _c21 cm |
||
| 505 | _aT | ||
| 520 | _aPresents the further adventures of a motorcycle-riding mouse who goes to school and becomes the instigator of an investigation of rodents and the peacemaker for two lonely boys. | ||
| 521 |
_a860 _bLexile |
||
| 521 |
_aT _bRaz-Plus |
||
| 650 | 1 |
_aMice _xFiction. |
|
| 700 | 1 |
_aZelinsky, Paul O. _eillustrator |
|
| 906 |
_a7 _bcbc _corignew _d1 _eocip _f19 _gy-gencatlg |
||
| 942 |
_2ddc _cBK _n0 |
||
| 999 |
_c2493 _d2493 |
||